Biggest towns in Austria by letter - Statistics

General Stats
  • This quiz has been taken 13 times
  • The average score is 10 of 22
Answer Stats
Letter Population Answer % Correct
G ~237,800 Graz
100%
I ~118,100 Innsbruck
100%
L ~203,000 Linz
100%
S ~144,000 Salzburg
100%
V ~1,539,900 Vienna
100%
K ~89,400 Klagenfurt
69%
B ~27,100 Bregenz
54%
F ~26,700 Feldkirch
54%
W ~55,100 Wels
54%
A ~22,000 Amstetten
38%
D ~40,700 Dornbirn
38%
E ~10,400 Eisenstadt
31%
H ~17,300 Hallein
31%
M ~20,300 Mödling
31%
T ~22,300 Traun
31%
J ~4,100 Jennersdorf
8%
N ~10,216 Neunkirchen
8%
O ~7,600 Oberwart
8%
P ~14,100 Perchtoldsdorf
8%
R ~10,500 Rankweil
8%
Z ~11,400 Zwettl
8%
U ~1,000 Unterkohlstätten
0%
No matching quizzes found
Score Distribution
Percent of People with Each Score
Percentile by Number Answered
Your Score History
You have not taken this quiz